| 000 | 00641nam a2200241Ia 4500 | ||
|---|---|---|---|
| 003 | OSt | ||
| 005 | 20220916110945.0 | ||
| 006 | a|||||r|||| 00| 0 | ||
| 007 | ta | ||
| 008 | 220915b |||||||| |||| 00| 0 eng d | ||
| 024 | _a31685 | ||
| 037 | _cTextbook | ||
| 040 |
_beng _aARTS _cARTS |
||
| 041 | _aeng | ||
| 082 | _aO111,3N204:g, M0 | ||
| 100 | _aSwinden Patrick | ||
| 245 | 0 | _aPaul Scott : Images of India | |
| 260 |
_aNew York _bSt. Martin's Press USA |
||
| 300 |
_axii,123p. _ccm. |
||
| 650 | _aENGLISH LITERATURE | ||
| 942 |
_hO111,3N204:g, M0 _cTB _2CC |
||
| 999 |
_c102239 _d102239 |
||